| 000 | 00544nam a2200157Ia 4500 | ||
|---|---|---|---|
| 008 | 170221s9999 xx 000 0 und d | ||
| 100 | _aZhuhan Jiang | ||
| 245 | _aProtection Tiers and Their Applications for Evaluating Untrusted Code on A Linux-Based Web Server | ||
| 245 | _cZhuhan Jiang, Jiansheng Huang, and Rezina Akhter | ||
| 260 | _bJournal of Communications | ||
| 260 | _c2015 | ||
| 300 | _a10 : 11 | ||
| 650 | _xCommunication | ||
| 650 | _xMedia Arts | ||
| 856 | _uhttp://www.jocm.us/index.php?m=content&c=index&a=lists&catid=153 | ||
| 999 |
_c307088 _d307088 |
||